Repensando la responsabilidad precontractual en el civil law y el common law : (Registro nro. 25384)

Detalles MARC
000 -Cabecera
Campo de control interno 00586nam a2200181Ia 4500
005 - Fecha y hora del registro
control field 20260414151146.0
008 - Elementos de Longitud Fija
fixed length control field 260414t2024||||xx |||||||||||||| ||spa||
041 ## - Idioma
Codigo Idioma ESP
082 ## - DEWEY y NOTACIÓN INTERNA
Dewey 346.5
Notación Interna L69 V. 2
100 ## - AUTOR
Autor denominación Lizárraga Ugarte, William R.,
Término de relación autor
245 #0 - TÍTULO DE MATERIAL BIBLIOGRÁFICO
Título Repensando la responsabilidad precontractual en el civil law y el common law :
Título paralelo ulpa in contrahendo, promissory estoppel y la misrepresentation como pilares jurídicos
260 ## - CIUDAD, EDITORIAL, AÑO
Año 2024
300 ## - DESCRIPCIÓN
N° Páginas páginas 455-1097 :
Dimensiones 21 cm.
650 ## - TEMAS
Temas Derecho
654 ## - PROGRAMAS
Programa Dpto. de Derecho y Ciencia Política
942 ## - ELEMENTOS DE KOHA
Tipo de documento Libro
Nombre del creador Justo Noguera
Código de catalogador Justo Noguera
Esquema de clasificación Dewey Decimal Classification
Suppress in OPAC
Existencias
Codigo completo Registro Colección Copia número Disponibilidad Tipo de préstamo Biblioteca Actual Procedencia (Biblioteca) Ubicacón Fecha Ingreso Tipo de Adquisición Date last seen Total checkouts Price effective from Tipo de Item Estado del Material Damaged status Withdrawn status
346.5 L69 V. 2 1081670 Universidad Católica San Pablo 1 Disponible Disponible Víctor Andrés Belaunde Víctor Andrés Belaunde Primer piso 14/04/2026 Donación 14/04/2026   14/04/2026 Libro Bueno